000 00283nam a22001217a 4500
008 160524b xxu||||| |||| 00| 0 eng d
020 _a9781933107127
020 _a193310712
041 _aeng
080 _a618.2
245 _aMental Health nursing:
_cReview Module;
942 _2udc
_cBK
999 _c2422
_d2422